| 000 | 00893cab a2200265 4500 | ||
|---|---|---|---|
| 001 | WB3103-38 | ||
| 008 | 090401t1995 xxu||||| |||| 00| 0 eng d | ||
| 035 | _a(Sirsi) u70837 | ||
| 041 | _aeng | ||
| 245 | _aDrivers poll signals double standard | ||
| 260 | _c1995 | ||
| 350 | _a0 | ||
| 490 |
_aIndependent _v18 January 1995, 12-34(1) |
||
| 520 | _aA survey of motorists, the results of which are published as "What drives the motorist" (£295), reveals a greater environmental awareness of the effects of vehicular transport as well as, in contradiction, a rising demand for cars. | ||
| 650 | _aENVIRONMENTAL CONCERNS | ||
| 650 | _aMOTOR INDUSTRY | ||
| 650 | _aMOTORISTS VIEWS | ||
| 650 | _aPUBLIC TRANSPORT | ||
| 650 | _aROADBUILDING | ||
| 650 | _aTOLL ROADS | ||
| 650 | _aTRAFFIC CONGESTION | ||
| 690 | _aTRANSPORT AND COMMUNICATIONS | ||
| 942 | _n0 | ||
| 948 | _c04/03/1997 | ||
| 999 |
_c44618 _d44618 |
||